Measuring student progress and achievement
Na minha lista:
| Autor principal: | |
|---|---|
| Formato: | Capítulo de Livro |
| Idioma: | inglês |
| Tags: |
Sem tags, seja o primeiro a adicionar uma tag!
|
MARC
| LEADER | 00000naa$a2200000$$$4500 | ||
|---|---|---|---|
| 001 | 0091710 | ||
| 005 | 20240502083233.2 | ||
| 041 | 0 | |a eng | |
| 044 | |a FI | ||
| 245 | 1 | 0 | |a Measuring student progress and achievement |c Anna Polednáková |
| 100 | 1 | |a Polednáková, Anna, 1957- | |